000 01330nam a2200241Ia 4500
003 OSt
005 20210423134132.0
008 210310s2011 ck abo gr 000 0 spa d
020 _a9789586642477
040 _aCO-JMCR
_cCO-JMCR
041 0 _aspa
082 0 4 _a380.9861 /
_bB433c
_223
100 1 _aBell, P.L,
_eautor
_925821
245 1 0 _aColombia :
_bManual Comercial e Industrial /
_cP.L. Bell,
260 _aBogotá :
_bBanco de la Republica,
_c2012.
300 _a566 páginas :
_bilustraciones, mapas y fotografías en blanco y negro ;
_c24 cm.
490 0 _aArchivo de la Economía Nacional
505 0 _aGeografía, topografía y clima. -- Población y condición de vida. -- Gobierno, educación y finanzas nacionales. -- Condiciones generales que afectan las industrias nacionales. -- Productos forestales. -- Minería. -- Petróleo. -- Ganadería. --Agricultura. -- Manufactura local. -- Características económicas. -- Transporte. -- Comercio exterior. -- Aranceles e impuestos a las importaciones. -- Marca y patentes. -- Bancos y banca. -- El uso de las letras de cambio con Colombia. -- Prácticas comerciales y requisitos. -- Ciudadanos extranjeros.
650 1 4 _aPolítica comercial.
_925823
650 2 4 _aPolítica económica.
_937103
650 2 4 _aCondiciones económicas
_937104
942 _2ddc
_cBK
999 _c11550
_d11550